Statistics for City to Country by Letter: A

Click here to take the quiz!

General Stats

  • This quiz has been taken 33 times
  • The average score is 18 of 27

Answer Stats

CityCountry% Correct
AcapulcoMexico
100%
AntwerpBelgium
93%
AmmanJordan
93%
AnchorageUnited States
93%
AleppoSyria
90%
Alice SpringsAustralia
87%
AachenGermany
87%
AccraGhana
87%
AsunciónParaguay
87%
AbujaNigeria
83%
AntalyaTurkey
83%
AlmatyKazakhstan
73%
AbidjanCôte d'Ivoire
70%
AsmaraEritrea
70%
AjaccioFrance
70%
AshgabatTurkmenistan
70%
AdenYemen
67%
AmritsarIndia
60%
AgadirMorocco
57%
AbbotsfordCanada
53%
AkitaJapan
50%
ArequipaPeru
47%
AntofagastaChile
37%
AstrakhanRussia
33%
ArushaTanzania
27%
AmbonIndonesia
23%
ArdabilIran
17%

Score Distribution

Percentile by Number Answered

Percent of People with Each Score

Your Score History

You have not taken this quiz